00473nam a2200157Ia 4500003000400000008004100004040001600045082001900061100002400080245007200104260005100176300001000227650002200237650003000259650002600289GCL140319s9999 xx 000 0 eng d aGCL / cGCL04aCCb493.1bL A1 aLO PROIENO, ANTONIO10aANCIENT EGYPTAIN: A LINGUISTIC INTRODUCTION / cLO PROIENO, ANTONIO a[S.N] : bCAMBRIDGE UNIVERSITY PRESS ، c1995 a322 P04aEGYPTIAN LANGUAGE04aANCIENT EGYPTIAN LANGUAGE04aHIEROGLYPHIC LANGUAGE